00682nam a2200229 a 4500001001300000003000900013005001700022008004100039020002200080082002200102100001700124245004900141260003800190300000800228500003500236650001100271700001700282902000800299942000700307952012100314999001700435nice12345678IN_TiNIC20260116014338.0090727s2007 newa grp 000 0 eng  a8190209485 c2500a306.0899145bSEN2 aSen, Amartya aSocial Exclusion Concept Aplication Scrutiny aNew Delhi bCritical Quest c2007 a40p aincludes index and biblioraphy aDalits1 aSen, Amartya bSRS cBK 001040708StackRoom-aHMIbHMId2009-07-27g25.00l0o306.0899145 SEN2p022840r2009-07-27v25.00w2009-07-27yBK c14912d14912